000 00746cam a22002291 4500
001 w 06000038
003 DLC
005 20260227112804.0
008 780502s1900 paucf 000 0 eng c
010 _aw 06000038
035 _a(OCoLC)3854098
040 _aWashington, D. C. Pub. Libr.
_cCCC
_dOCoLC
_dDLC
042 _apremarc
050 0 0 _aQL681
_b.R54 1900
100 1 _aRidgway, Robert,
_d1850-1929.
245 1 2 _aA manual of North American birds.
_cBy Robert Ridgway. Illustrated by 464 outline drawings of the generic characters.
250 _a4th ed.
260 _aPhiladelphia,
_bJ.B. Lippincott Company,
_c1900.
300 _axiii, 653 p.
_bfront. (port.) CXXIV pl.
_c24 cm.
650 0 _aBirds.
650 0 _aBirds
_zNorth America
999 _c91721
_d91721